| 000 | 00424pab a2200169 454500 | ||
|---|---|---|---|
| 008 | 180718b2005 xxu||||| |||| 00| 0 eng d | ||
| 100 | _aIyer, Rajkamal | ||
| 245 | _aRegulation of cooperative banks in India | ||
| 260 | _c2005 | ||
| 300 | _ap.5224-225. | ||
| 362 | _a10 Dec | ||
| 650 | _aCooperatives - India | ||
| 650 | _aBanks - India | ||
| 650 | _aBanks | ||
| 773 | _aEconomic and Political Weekly | ||
| 909 | _a68238 | ||
| 999 |
_c68238 _d68238 |
||